Understanding American government / (Record no. 14048)

000 -LEADER
fixed length control field 01283cam a2200325 a 4500
001 - CONTROL NUMBER
control field 14678374
005 - DATE AND TIME OF LATEST TRANSACTION
control field 20170105102846.0
008 - FIXED-LENGTH DATA ELEMENTS--GENERAL INFORMATION
fixed length control field 061221s2008 caua b 001 0 eng
010 ## - LIBRARY OF CONGRESS CONTROL NUMBER
LC control number 2006940759
020 ## - INTERNATIONAL STANDARD BOOK NUMBER
International Standard Book Number 9780495098690
020 ## - INTERNATIONAL STANDARD BOOK NUMBER
International Standard Book Number 0495098698
040 ## - CATALOGING SOURCE
Original cataloging agency DLC
Transcribing agency DLC
Modifying agency DLC
043 ## - GEOGRAPHIC AREA CODE
Geographic area code n-us---
050 00 - LIBRARY OF CONGRESS CALL NUMBER
Classification number JK276
Item number .U53 2008
082 00 - DEWEY DECIMAL CLASSIFICATION NUMBER
Classification number 320.473
Edition number 22
245 00 - TITLE STATEMENT
Title Understanding American government /
Statement of responsibility, etc. Susan Welch ... [et al.].
250 ## - EDITION STATEMENT
Edition statement 11th ed.
260 ## - PUBLICATION, DISTRIBUTION, ETC.
Place of publication, distribution, etc. Belmont, CA :
Name of publisher, distributor, etc. Thomson/Wadsworth,
Date of publication, distribution, etc. c2008.
300 ## - PHYSICAL DESCRIPTION
Extent xxi, 762 p. :
Other physical details ill. (some col.) ;
Dimensions 29 cm.
504 ## - BIBLIOGRAPHY, ETC. NOTE
Bibliography, etc. note Includes bibliographical references (p. 689-728) and index.
651 #0 - SUBJECT ADDED ENTRY--GEOGRAPHIC NAME
Geographic name United States
General subdivision Politics and government
Form subdivision Textbooks.
700 1# - ADDED ENTRY--PERSONAL NAME
Personal name Welch, Susan.
856 42 - ELECTRONIC LOCATION AND ACCESS
Materials specified Contributor biographical information
Uniform Resource Identifier <a href="http://www.loc.gov/catdir/enhancements/fy1104/2006940759-b.html">http://www.loc.gov/catdir/enhancements/fy1104/2006940759-b.html</a>
856 42 - ELECTRONIC LOCATION AND ACCESS
Materials specified Publisher description
Uniform Resource Identifier <a href="http://www.loc.gov/catdir/enhancements/fy1104/2006940759-d.html">http://www.loc.gov/catdir/enhancements/fy1104/2006940759-d.html</a>
856 41 - ELECTRONIC LOCATION AND ACCESS
Materials specified Table of contents only
Uniform Resource Identifier <a href="http://www.loc.gov/catdir/enhancements/fy1104/2006940759-t.html">http://www.loc.gov/catdir/enhancements/fy1104/2006940759-t.html</a>
906 ## - LOCAL DATA ELEMENT F, LDF (RLIN)
a 7
b cbc
c origcop
d 2
e epcn
f 20
g y-gencatlg
942 ## - ADDED ENTRY ELEMENTS (KOHA)
Source of classification or shelving scheme
Koha item type Book
Holdings
Withdrawn status Lost status Damaged status Not for loan Collection code Permanent Location Current Location Shelving location Date acquired Total Checkouts Full call number Barcode Date last seen Price effective from Koha item type
          Centre for International Peace & Stability (CIPS) Centre for International Peace & Stability (CIPS) General Stacks 08/15/2013   320.473 WEL 2008 CIPS0000658 08/15/2013 08/15/2013 Book
© 2023 Central Library, National University of Sciences and Technology. All Rights Reserved.